000 00566nam a2200217Ia 4500
003 OSt
005 20220924134047.0
006 a|||||r|||| 00| 0
007 ta
008 220923b |||||||| |||| 00| 0 snd d
024 _a271986
037 _cTextual
040 _aARTS
_cARTS
_bsnd
041 _2snd
_asnd
082 _aO152,3N031,MB, 1593J6
100 _aVerma Bhagwati Charan
_9207973
245 0 _aMiss Bombay
260 _c1956
942 _hO152,3N031,MB, 1593J6
_cTEXL
_2CC
999 _c436236
_d436236